000 00637nam a2200229Ia 4500
003 OSt
005 20220928102105.0
006 a|||||r|||| 00| 0
007 ta
008 220927b |||||||| |||| 00| 0 eng d
024 _a62414
037 _cTextual
040 _aSDCL
_cSDCL
_beng
041 _2eng
_aeng
082 _aNA216,K8(Q:458), N7
100 _aReddy A K V S
_9396535
245 0 _aContribution of Andhra epigraphy to temple architecture
260 _aDelhi
_bEastern Book
_c1997
300 _a142p
_ccm.
942 _hNA216,K8(Q:458), N7
_cTEXL
_2CC
999 _c712271
_d712271